Online Catalogue and eLibrary

India : (Record no. 4530)

MARC details
000 -LEADER
fixed length control field 00420nam a2200181Ia 4500
005 - DATE AND TIME OF LATEST TRANSACTION
control field 20240731022435.0
008 - FIXED-LENGTH DATA ELEMENTS--GENERAL INFORMATION
fixed length control field 240331s9999 xx 000 0 und d
020 ## - INTERNATIONAL STANDARD BOOK NUMBER
ISBN 9780330505543
082 ## - DDC Classification
Item Number - Author Mark GHA
Class No. 294
100 ## - MAIN ENTRY--PERSONAL NAME
Personal name Guha,R
245 #0 - TITLE STATEMENT
Title India :
Remainder of title after Gandhi
260 ## - PUBLICATION, DISTRIBUTION, ETC.
Place of publication, distribution, etc. London
Name of publisher, distributor, etc. Pan Macmillan Ltd
Date of publication, distribution, etc. 2007
300 ## - PHYSICAL DESCRIPTION
Extent (e.g. Volumes, Pages etc.) xxvi, 898 p .,
650 ## - SUBJECT ADDED ENTRY--TOPICAL TERM
Topical term or geographic name entry element History
650 ## - SUBJECT ADDED ENTRY--TOPICAL TERM
Topical term or geographic name entry element Economic
650 ## - SUBJECT ADDED ENTRY--TOPICAL TERM
Topical term or geographic name entry element Social
942 ## - Koha item type (Biblio)
Koha item type Books in Stacks (Lending)
Holdings
Lost status Damaged status Collection code Home library Current library Shelving location Date acquired Full call number Accession Number Item type
    Lending WERC Library WERC Library Social Science Cupboard 03/31/2024 294 GHA 6537 Books in Stacks (Lending)

© WERC Library